Movies Quiz

Random Movies or Numbers Quiz

Hollywood Hair II Quiz Stats

 Plays Quiz Updated Nov 20, 2013

Also try: Hollywood Hair
Challenge
Share
Tweet
Score 0/25 Timer 07:00
2 Plays Today
Number (Year) Character % Correct
Captain Jack Sparrow
90.3%
Wolverine
86.9%
Ariel
85.7%
Hermione Granger
85.2%
Danny Zuko
84%
Dr. Emmett Brown
79.6%
Maria von Trapp
78%
Napoleon Dynamite
74.1%
Lara Croft
67.1%
Queen Amidala
62.6%
Holly Golightly
61.6%
Sweeney Todd
55.9%
Dr. Egon Spengler
55.1%
Number (Year) Character % Correct
Sally Albright
49.1%
Conan the Barbarian
47.7%
Andie Walsh
43.1%
Joe Dirt
41.9%
Pippi Longstocking
40.8%
Leeloo
37.9%
Jacobim Mugatu
37.8%
Jenny Hanley
32.5%
Count Dracula
32.3%
Dr. Strangelove
24.8%
Terl
20.9%
Roxie Hart
17.6%

You're not logged in!

Compare scores with friends on all Sporcle quizzes.
Join for Free
OR
Log In

You Might Also Like...

Show Comments

Extras

Top Quizzes Today


Score Distribution

Your Account Isn't Verified!

In order to create a playlist on Sporcle, you need to verify the email address you used during registration. Go to your Sporcle Settings to finish the process.

Report this User

Report this user for behavior that violates our Community Guidelines.

Details: